Octubre y otros poemas
Furkejuvvon:
| Váldodahkki: | |
|---|---|
| Materiálatiipa: | Girji |
| Giella: | Undetermined |
| Almmustuhtton: |
Panamá, Panamá
Mariano Arosemena
1991
|
| Fáttát: | |
| Fáddágilkorat: |
Lasit fáddágilkoriid
Eai fáddágilkorat, Lasit vuosttaš fáddágilkora!
|
MARC
| LEADER | 00000nam a2200000Ia 4500 | ||
|---|---|---|---|
| 008 | 170316s9999 xx 000 0 und d | ||
| 040 | |a cru BVZT | ||
| 090 | |a 860 S-7o | ||
| 100 | |a Sánchez, Alexander |9 993 | ||
| 245 | |a Octubre y otros poemas |c / Alexander Sánchez | ||
| 260 | |a Panamá, Panamá |b Mariano Arosemena |c 1991 | ||
| 300 | |a 39 páginas | ||
| 650 | |a LITERATURA LATINOAMERICANA |9 15 | ||
| 650 | |a POEMAS |9 404 | ||
| 999 | |c 8291 |d 8291 | ||
| 942 | |c 15 D |h 860 S-7o |2 z | ||
